Wer lügt? (Gaming) - Statistiken

Allgemein
  • Dieses Quiz wurde 156 mal gespielt
  • Das Durchschnittsergebnis liegt bei 5 aus 11
Antwortstatistiken
Frage Antwort % Korrekt
Ich bin ein Open World Game Detroit: Become Human
80%
Ich bin ein Spiel mit einem weiblichen Hauptcharakter. Sniper Elite
78%
Ich bin ein "The Game Awards (of the year)" ausgezeichneter Titel. The Wticher 2
59%
Ich bin ein PS Exklusiv Titel. Portal
57%
Ich bin ein Attacker von RS6. Frost
56%
Ich bin ein Defender von RS6. Nomad
56%
Ich bin ein wählbarer Charakter aus Black Ops 3. Raider
44%
Ich bin ein Multiplayer Game. Far Cry 3
35%
Ich bin ein XBOX Exklusiv Titel. Grand Tourismo
22%
Ich bin auf Nintendo Konsolen spielbar. Brotatos
19%
Ich bin ein Bösewicht der COD Reihe Imran Soudein
19%
Keine übereinstimmenden Quizze gefunden
Verteilung der Resultate
Anzahl Personen mit jedem Resultat
Perzentil nach korrekt beantworteten Fragen
Ihre Resultats-Entwicklung
Sie haben dieses Quiz noch nicht gespielt